Geography by Picture - T - Statistics

General Stats
  • This quiz has been taken 57,676 times
    57,610 since last reset
  • The average score is 12 of 18
Answer Stats
Picture Hint Answer % Correct
landmark Taj Mahal
97%
state Texas
92%
river Thames
84%
intersection Times Square
80%
country Thailand
79%
island Tasmania
77%
these Time Zones
76%
bridge {Tower} Bridge
76%
city Toronto
75%
country Trinidad and Tobago
72%
city Tokyo
69%
region Tuscany
68%
region Tibet
67%
city Taipei
56%
language Tamil
52%
African mountain {Table} Mountain
43%
Saharan city Timbuktu
39%
island chain Tierra del Fuego
25%
No matching quizzes found
Score Distribution
Percent of People with Each Score
Percentile by Number Answered
Your Score History
You have not taken this quiz since the last reset